Guess the Location #80 (Set 6) - Statistics

General Stats
  • This quiz has been taken 18 times
  • The average score is 11 of 15
Answer Stats
ccTLD Continent Sovereign
State?
Explanation Answer % Correct
.nl Europe Y Netherlands
100%
.pe S. Amer. Y Peru
100%
.uy S. Amer. Y Uruguay
100%
.jp Asia Y Japan
94%
.mw Africa Y Malawi
94%
.am Asia Y Armenia
88%
.gm Africa Y Gambia
88%
.td Africa Y from the French name of this former French colony Chad
81%
.sa Asia Y Saudi Arabia
81%
.bf Africa Y Burkina Faso
75%
.by Europe Y from its pre-independence name as a former union republic Belarus
56%
.cd Africa Y D. R. Congo
56%
.sv N. Amer. Y El Salvador
44%
.gp N. Amer. N Guadeloupe
44%
.sj Europe N from the names of two remote jurisdictions that are not administratively related (Identifying either will result in a correct answer.) Svalbard and Jan Mayen
31%
No matching quizzes found
Score Distribution
Percent of People with Each Score
Percentile by Number Answered
Your Score History
You have not taken this quiz